书目信息 |
| 题名: |
诗探索
|
|
| 作者: | 林莽 主编 | |
| 分册: | 2019年第4辑 作品卷 | |
| 出版信息: | 北京 作家出版社 2019.12 |
|
| 页数: | 190页 | |
| 开本: | 26cm | |
| 丛书名: | ||
| 单 册: | ||
| 中图分类: | I106.2-55 | |
| 科图分类: | ||
| 主题词: | 诗歌--shi ge--世界--丛刊 | |
| 电子资源: | ||
| ISBN: | 978-7-5212-0792-7 | |
| 000 | 00997nam 2200253 450 | |
| 001 | 202021192547 | |
| 005 | 20211025120136.0 | |
| 010 | @a978-7-5212-0792-7@dCNY40.00 | |
| 100 | @a20210925d2019 em y0chiy50 ea | |
| 101 | 0 | @achi |
| 102 | @aCN@b110000 | |
| 105 | @ay z 000gy | |
| 106 | @ar | |
| 200 | 1 | @a诗探索@Ashi tan suo@d= Poetry exploration@h2019年第4辑@h16@i作品卷@f主编林莽@zeng |
| 210 | @a北京@c作家出版社@d2019.12 | |
| 215 | @a190页@d26cm | |
| 330 | @a本书共分五部分, 华文青年诗人奖专辑、诗坛峰会、探索与发现、汉诗新作、首师大诗歌研究中心第15位驻校诗人灯灯特辑。主要内容包括: 第17届人天·诗探索“华文青年诗人奖”揭晓公告 ; 获奖诗人作品 ; 当下与穿透 ; 张常美诗六首 ; 寻找落日的偏心眼 ; 敬丹樱诗六首 ; 品一朵“时间的蔷薇”等。 | |
| 510 | 1 | @aPoetry exploration@zeng |
| 517 | 1 | @a作品卷@Azuo pin juan |
| 606 | 0 | @a诗歌@Ashi ge@y世界@j丛刊 |
| 690 | @aI106.2-55@v5 | |
| 701 | 0 | @a林莽@Alin mang@4主编 |
| 801 | 0 | @aCN@c20210909 |
| 905 | @a河南城建学院图书馆@dI106.2-55@eL512:16 | |
| 诗探索= Poetry exploration.2019年第4辑.16.作品卷/主编林莽.-北京:作家出版社,2019.12 |
| 190页;26cm |
| ISBN 978-7-5212-0792-7:CNY40.00 |
| 本书共分五部分, 华文青年诗人奖专辑、诗坛峰会、探索与发现、汉诗新作、首师大诗歌研究中心第15位驻校诗人灯灯特辑。主要内容包括: 第17届人天·诗探索“华文青年诗人奖”揭晓公告 ; 获奖诗人作品 ; 当下与穿透 ; 张常美诗六首 ; 寻找落日的偏心眼 ; 敬丹樱诗六首 ; 品一朵“时间的蔷薇”等。 |
| ● |
| 相关链接 |
|
|
|
正题名:诗探索
索取号:I106.2-55/L512:16
 
预约/预借
| 序号 | 登录号 | 条形码 | 馆藏地/架位号 | 状态 | 备注 |
| 1 | 1541716 | 215417163 | 文学库108/108文学库 1排8列1层/ [索取号:I106.2-55/L512:16] | 在馆 | |
| 2 | 1541717 | 215417172 | 文学库108/108文学库 1排8列1层/ [索取号:I106.2-55/L512:16] | 在馆 | |
| 3 | 1541718 | 215417181 | 文学库108/108文学库 1排8列1层/ [索取号:I106.2-55/L512:16] | 在馆 |